| 000 | 00428nam a2200169Ia 4500 | ||
|---|---|---|---|
| 003 | LK-CoDNM | ||
| 008 | 010623t1952 xxu||||| |||| 00| 1 eng d | ||
| 040 |
_aLK-CoDNM _dLK-CoDNM _eLK-CoDNM |
||
| 041 | _aeng | ||
| 080 | _ax 820-31 MEN | ||
| 100 | _aMendis, Rosalind | ||
| 245 | _aNandhinitta : A story of ancient ceylon | ||
| 260 |
_bM.D.Gunasenna _aColombo _c1952 |
||
| 300 | _b105, 18 cm | ||
| 650 | _aStory | ||
| 942 | _cBK | ||
| 999 |
_c102497 _d102497 |
||